MARC

LEADER 00000nam0a2200000 4500
001 8031
005 20260227115913.0
010 |a 5020094986 
035 |a (RuTPU)RU\TPU\book\8077 
035 |a BOOK00008136 
090 |a 8031 
100 |a 20011209d1998 km y0rusy50 ca 
101 0 |a rus 
102 |a RU 
105 |a y z 000zb 
200 1 |a Александр I  |f А. Н. Сахаров 
210 |a Москва  |c Наука  |d 1998 
215 |a 287 с. 
600 0 |a Александр  |d I  |f 1777-1825  |c российский император с 1801 г.  |c из династии Романовых  |2 stltpui  |3 (RuTPU)RU\TPU\pers\8 
606 |a Деятели общественные и государственные   |x Персоналии  |y Россия  |z 1-я пол. 19 в.  |7 ca  |8 rus  |9 81894 
610 1 |a 19 век 
686 |a Т3(2)521  |2 rubbk 
700 1 |a Сахаров  |b А. Н.  |g Андрей Николаевич 
801 0 |a RU  |b 63413507  |c 20011209  |g PSBO 
801 2 |a RU  |b 63413507  |c 20121224  |g PSBO 
942 |c BK